000 00599nam a2200193Ia 4500
003 GCL
008 140319s9999 xx 000 0 ara d
040 _aGCL /
_cGCL
082 0 4 _a920
_bأ د
100 1 _aمحمد محمد الجوادى
245 1 0 _aالدكتور سليمان عزمى /
_cمحمد محمد الجوادى
260 _a[S.N] :
_bالهيئة المصرية العامة للكتاب ،
_c1986
300 _a130 ص
490 _aاعلام العرب
_v0
650 0 4 _aالطب
650 0 4 _aالطب الباطنى
650 0 4 _aسليمان عزمى
942 _2ddc
_cBK
999 _c28504
_d28504